Basics of entrepreneurship development (Record no. 8815)

MARC details
000 -LEADER
fixed length control field 00524cam a2200205ua 4500
008 - FIXED-LENGTH DATA ELEMENTS--GENERAL INFORMATION
fixed length control field 160903n ii |||gr||||Z||||||eng
020 ## - INTERNATIONAL STANDARD BOOK NUMBER
International Standard Book Number 9789384303686
040 ## - CATALOGING SOURCE
Transcribing agency MAIN
041 ## - LANGUAGE CODE
-- eng
082 ## - DEWEY DECIMAL CLASSIFICATION NUMBER
Classification number 338.04
100 ## - MAIN ENTRY--PERSONAL NAME
Personal name Baruah, Jagatjyoti,
Relator term
245 ## - TITLE STATEMENT
Title Basics of entrepreneurship development
Statement of responsibility, etc. By Jagatjyoti Baruah
250 ## - EDITION STATEMENT
Edition statement 1st ed.
260 ## - PUBLICATION, DISTRIBUTION, ETC.
Place of publication, distribution, etc. Dibrugarh:
Name of publisher, distributor, etc. Mahaveer publications,
Date of publication, distribution, etc. 2016-17.
300 ## - PHYSICAL DESCRIPTION
Extent 136p.
942 ## - ADDED ENTRY ELEMENTS (KOHA)
Koha item type Books
653 ## - INDEX TERM--UNCONTROLLED
Uncontrolled term Production
653 ## - INDEX TERM--UNCONTROLLED
Uncontrolled term Entrepreneurship
Holdings
Withdrawn status Lost status Damaged status Not for loan Home library Current library Shelving location Date acquired Total Checkouts Full call number Barcode Date last seen Date last checked out Copy number Price effective from Koha item type
        Central Library, Naharkatiya College Central Library, Naharkatiya College General Stacks 19/09/2020 7 338.04Entrepreneurship | BAR 23300 21/03/2022 05/03/2022 2 19/09/2020 Books
        Central Library, Naharkatiya College Central Library, Naharkatiya College General Stacks 19/09/2020 2 338.04Entrepreneurship | BAR 23301 29/12/2021 26/12/2020 1 19/09/2020 Books

Naharkatiya College © 2020. All rights reserved.

Powered By